5HLuxD.jpg

KING HENRY VIII SENIOR AND PRIMARY SCHOOL LIBRARY OPAC

Oxford School French dictionary / (Record no. 433)

000 -LEADER
fixed length control field 01608pam a2200481 i 4500
001 - CONTROL NUMBER
control field 020917452
003 - CONTROL NUMBER IDENTIFIER
control field UkOxU
005 - DATE AND TIME OF LATEST TRANSACTION
control field 20190905130237.0
008 - FIXED-LENGTH DATA ELEMENTS--GENERAL INFORMATION
fixed length control field 170830s2017 enk j 000 0 fre
010 ## - LIBRARY OF CONGRESS CONTROL NUMBER
LC control number 2017288762
015 ## - NATIONAL BIBLIOGRAPHY NUMBER
National bibliography number GBB759245
Source bnb
016 7# - NATIONAL BIBLIOGRAPHIC AGENCY CONTROL NUMBER
Record control number 018284590
Source Uk
020 ## - INTERNATIONAL STANDARD BOOK NUMBER
International Standard Book Number 9780198408017
Qualifying information paperback
020 ## - INTERNATIONAL STANDARD BOOK NUMBER
International Standard Book Number 0198408013
Qualifying information paperback
035 ## - SYSTEM CONTROL NUMBER
System control number (Uk)018284590
040 ## - CATALOGING SOURCE
Original cataloging agency StDuBDS
Language of cataloging eng
Description conventions rda
Transcribing agency StDuBDS
Modifying agency Uk
041 0# - LANGUAGE CODE
Language code of text/sound track or separate title fre
-- eng
042 ## - AUTHENTICATION CODE
Authentication code ukblcatcopy
082 04 - DEWEY DECIMAL CLASSIFICATION NUMBER
Classification number 443.21 OXF
Edition number 23
245 00 - TITLE STATEMENT
Title Oxford School French dictionary /
Statement of responsibility, etc. editors, Valerie Grundy, Nicholas Rollin, with the assistance of Natlie Pomier.
246 30 - VARYING FORM OF TITLE
Title proper/short title School French dictionary
250 ## - EDITION STATEMENT
Edition statement [Sixth Edition], Fully Revised.
264 #1 - PRODUCTION, PUBLICATION, DISTRIBUTION, MANUFACTURE, AND COPYRIGHT NOTICE
Place of production, publication, distribution, manufacture Oxford :
Name of producer, publisher, distributor, manufacturer Oxford University Press,
Date of production, publication, distribution, manufacture, or copyright notice 2017.
264 #4 - PRODUCTION, PUBLICATION, DISTRIBUTION, MANUFACTURE, AND COPYRIGHT NOTICE
Date of production, publication, distribution, manufacture, or copyright notice ©2017
300 ## - PHYSICAL DESCRIPTION
Extent vi, 634 pages ;
Dimensions 16 cm
336 ## - CONTENT TYPE
Content type term text
Source rdacontent
337 ## - MEDIA TYPE
Media type term unmediated
Source rdamedia
338 ## - CARRIER TYPE
Carrier type term volume
Source rdacarrier
500 ## - GENERAL NOTE
General note "Build vocabulary and language skills"--Cover.
500 ## - GENERAL NOTE
General note Previous edition: 2012.
500 ## - GENERAL NOTE
General note Formerly CIP.
Institution to which field applies Uk
521 ## - TARGET AUDIENCE NOTE
Target audience note Age: 10+.
546 ## - LANGUAGE NOTE
Language note Text translated from French to English and French to English.
650 #0 - SUBJECT ADDED ENTRY--TOPICAL TERM
Topical term or geographic name entry element English language
Form subdivision Dictionaries, Juvenile
General subdivision French.
650 #0 - SUBJECT ADDED ENTRY--TOPICAL TERM
Topical term or geographic name entry element French language
Form subdivision Dictionaries, Juvenile
General subdivision English.
650 #0 - SUBJECT ADDED ENTRY--TOPICAL TERM
Topical term or geographic name entry element Picture dictionaries, French.
650 #0 - SUBJECT ADDED ENTRY--TOPICAL TERM
Topical term or geographic name entry element Picture dictionaries, English.
700 1# - ADDED ENTRY--PERSONAL NAME
Personal name Grundy, Valerie,
Relator term editor.
700 1# - ADDED ENTRY--PERSONAL NAME
Personal name Rollin, Nicholas,
Relator term editor.
700 1# - ADDED ENTRY--PERSONAL NAME
Personal name Pomier, Natalie,
Relator term editor.
942 ## - ADDED ENTRY ELEMENTS (KOHA)
Source of classification or shelving scheme
Koha item type Reference
Holdings
Withdrawn status Lost status Source of classification or shelving scheme Damaged status Not for loan Collection code Permanent Location Current Location Shelving location Date acquired Total Checkouts Full call number Barcode Date last seen Date last checked out Price effective from Koha item type
          Reference KH8 Senior School Library KH8 Senior School Library Reference 2019-08-14 8 443.21 OXF 3KHSL000100231 2019-08-27 2019-08-27 2019-08-14 Reference

Powered By KH8 IT Dept